000 00554nam a2200169Ia 4500
008 140626s9999 xx 000 0 und d
100 _aRasmussen, Carmen.
245 4 _aThe relation between mathematics and working memory in young children with fetal alcohol spectrum disorders /
_cCarmen Rasmussen ... [et al.].
260 _cc2011.
300 _a45 : 3, page 184
440 _aJournal of Special Education
521 _aSPED
650 _aFetal alcohol spectrum disorder.
650 _aMathematics.
650 _aWorking memory.
942 _cSE
999 _c120972
_d120972